| 000 | 00636 a2200181 4500 | ||
|---|---|---|---|
| 020 | _a0201024314 | ||
| 020 | _a9780201024319 | ||
| 082 | _a516.7 | ||
| 090 |
_c337 _d337 |
||
| 100 | 1 | _aGoetz, A. | |
| 245 | 1 | 0 |
_aIntroduction to differential geometry / _cA. Goetz. |
| 260 |
_a[S.l.] : _bAddison-Wesley Educational Publishers Inc, _c1970. |
||
| 300 |
_a350 p. ; _c24 cm. |
||
| 490 | 1 | _aAddison-wesley series in mathematics. | |
| 830 | 0 | _aAddison-wesley series in mathematics. | |
| 942 |
_aSNS _cBK _k516.7 GOE |
||
| 999 |
_c28972 _d28972 |
||